| 000 | 00503 a2200157 4500 | ||
|---|---|---|---|
| 020 | _a0007121075 | ||
| 040 |
_aDLC _bDLC |
||
| 082 | _a823.912 | ||
| 100 | _aAgatha Christie | ||
| 245 |
_aDead man's folly (Novel) _cChristie, Agatha. |
||
| 260 |
_aLondon, _bCollins, _c1993. |
||
| 300 |
_a218 p. ; _c20 cm |
||
| 500 | _aIncludes Index | ||
| 650 | _a1.Poirot, Hercule (Fictitious character) --Fiction.2.Private investigators --England --Fiction.3.Belgians --England --Fiction. | ||
| 942 |
_cBK _k823.912 CHI _2ddc |
||
| 999 |
_c4853 _d4853 |
||